Normal view MARC view
  • Agresividad (Psicología)

Entry Materia

Number of records used in: 70

001 - NÚMERO DE CONTROL DEL REGISTRO

  • campo de control: 2250

003 - IDENTIFICADOR DE NUMERO DE CONTROL

  • campo de control: MX-MxUPN

005 - FECHA Y HORA DE LA ÚLTIMA TRANSACCIÓN

  • campo de control: 20240315125059.0

008 - DATOS DE LONGITUD FIJA

  • campo de control de longitud fija: 230907nn annnnbabn | ana |d

035 ## - NÚMERO DE CONTROL DEL SISTEMA

  • Número de control del sistema: UPN10000002250

040 ## - FUENTE DE LA CATALOGACIÓN

  • Lengua de catalogación: spa
  • Centro catalogador de origen: MX-MxUPN

046 ## - FECHAS CON CODIFICACIÓN ESPECIAL

  • Fecha final para contenidos agregados: 2023

053 #4 - NÚMERO CLASIFICADOR - BIBLIOTECA DEL CONGRESO (LC)

  • Elemento numérico de la clasificación - Número único o no. inicial del rango: BF575 A3

150 ## - ENCABEZAMIENTO - TEMÁTICO

  • Término de materia o nombre geográfico como elemento inicial: Agresividad (Psicología)

450 ## - VÉASE - MATERIA

  • Encabezamiento temático: Comportamiento agresivo

670 ## - FUENTE EN LA QUE SE LOCALIZARON DATOS

  • Cita de la fuente: LEMB, 1998:
  • Información localizada: página 29 (Agresividad (Psicología))

902 ## - CATALOGADOR

  • Catalogador: MEEG/070596
  • Catalogador: VíctorGodínez]/070923